000 00234nam a22001097a 4500
082 _a823
_bMAC/S
100 _aMACBEAN, RACHEL
245 _aSTORIES TO REMEMBER
260 _aBOMBAY
_bB-Y-S
650 _aENGLISH STORY
_zINDIA
942 _cBK
999 _c7373
_d7373